Odsúdení prežiť

Keď Slovenka Priska, Poľka Rachel a Češka Anka prešli v roku 1944 cez nechválne známu bránu najväčšieho nacistického koncentračného tábora Auschwitz II. - Birkenau, ukrývali tajomstvo - všetky boli v druhom stave. Osamelé a vydesené sa v kútiku duše rozhodli, že si nenechajú vziať to jediné, čo im o...

Full description

Bibliographic Details
Main Author: Holden, Wendy, 1961- (Author)
Other Authors: Šabek, Igor (Narrator)
Format: CD Audio
Language:Slovak
English
PhysicalDescription:1 elektronický optický disk (CD-ROM) digitál., MP3 12 cm
Published: V Levoči Slovenská knižnica pre nevidiacich Mateja Hrebendu 2016
ISBN:9788018047453 (CDROM)
Subjects:

MARC

LEADER 00000cim a2200000 a 4500
001 vtls011550353
003 SK-MaSNL
005 20260302014356.0
007 sd fungnnmmned
008 160718s2016 xo nnnnfs b n slo
015 |a SNBJ2016 
020 |a 9788018047453 (CDROM) 
040 |a SNK  |b slo  |c SNK  |e AACR2 
041 1 |d slo  |h eng 
044 |a xo  |c SK 
072 7 |a 929  |x Biografie  |2 konspekt 
080 |a 821.111-32  |2 2011 
080 |a 343.819.5  |2 2011 
080 |a (=411.16)  |2 2011 
080 |a 323.28  |2 2011 
080 |a (0:82-96)  |2 2011 
080 |a 343.8-055.2  |2 2011 
080 |a (0:82-322.6)  |2 2011 
080 |a (086.76)  |2 2011 
100 1 |a Holden, Wendy,  |d 1961-  |4 aut  |9 167649 
245 1 0 |a Odsúdení prežiť  |h elektronický zdroj  |c Wendy Holdenová ; číta: Igor Šabek 
260 |a V Levoči  |b Slovenská knižnica pre nevidiacich Mateja Hrebendu  |c 2016 
300 |a 1 elektronický optický disk (CD-ROM)  |b digitál., MP3  |c 12 cm 
306 |a 145600 
520 8 |a Keď Slovenka Priska, Poľka Rachel a Češka Anka prešli v roku 1944 cez nechválne známu bránu najväčšieho nacistického koncentračného tábora Auschwitz II. - Birkenau, ukrývali tajomstvo - všetky boli v druhom stave. Osamelé a vydesené sa v kútiku duše rozhodli, že si nenechajú vziať to jediné, čo im ostalo - svoj život a život svojich nenarodených detí 
521 |a Pre nevidiacich, slabozrakých a inak zdravotne postihnutých 
610 1 7 |a Brezinka (koncentračný tábor)  |2 SNKKA  |9 181455 
648 7 |a 1944-1945  |2 SNKPH  |9 282693 
650 0 7 |a koncentračné tábory  |2 SNKPH  |9 2654 
650 0 7 |a Židia  |x perzekúcie  |2 SNKPH  |9 67420 
650 0 7 |a väzenkyne  |2 SNKPH  |9 100789 
655 7 |a zvukové záznamy  |2 SNKPH  |9 70720 
655 7 |a anglické príbehy  |2 SNKPH  |9 70612 
655 7 |a biografické príbehy  |2 SNKPH  |9 70709 
655 7 |a literatúra faktu  |2 SNKPH  |9 70526 
655 7 |a CD-ROM  |2 SNKPH  |9 70236 
700 1 |a Šabek, Igor  |4 nrt  |9 312613 
752 |a Slovensko  |d Levoča 
787 0 8 |i Podľa knihy:  |t Odsúdení prežiť  |d [Bratislava] : Citadella, 2015  |z 978-80-89628-88-9 
919 |a 978-80-18-04745-3 
958 |a SX 
958 |a BC 
958 |a OP 
999 |c 1016713  |d 1018643 
952 |a SNK  |b SNK  |y PREZ  |7 0  |p 17A1214534  |o snkSCD 3905  |i snk2016/22244  |8 0  |0 0  |1 0  |4 0  |d 2016-09-26  |l 0  |r 2026-02-24 13:11:48  |w 2026-02-24